Mathematical Satatistics-II / (Record no. 38010)

MARC details
000 -LEADER
fixed length control field 00612nam a22001937a 4500
005 - DATE AND TIME OF LATEST TRANSACTION
control field 2010072804404.0
010 ## - LCCN (DPL NO)
LC control number ENG-97196
020 ## - INTERNATIONAL STANDARD BOOK NUMBER
International Standard Book Number 9789380017174
Terms of availability 80.00
035 ## - SYSTEM CONTROL NUMBER
System control number EN-80729
037 ## - SOURCE OF ACQUISITION
Source of stock number/acquisition DBAD/PUB
082 ## - DEWEY DECIMAL CLASSIFICATION NUMBER
Classification number 519
100 ## - MAIN ENTRY--PERSONAL NAME
Personal name Sivasakthi, K
245 ## - TITLE STATEMENT
Title Mathematical Satatistics-II /
Statement of responsibility, etc by K. Sivasakthi
260 ## - PUBLICATION, DISTRIBUTION, ETC. (IMPRINT)
Place of publication, distribution, etc Chennai
Name of publisher, distributor, etc Today Publishers
Date of publication, distribution, etc 2008
270 ## - ADDRESS
Address 192 Bells Road
City Chennai
Postal code 600005
300 ## - PHYSICAL DESCRIPTION
Extent 108 p.
Dimensions 20 cm.(pbk)
942 ## - ADDED ENTRY ELEMENTS (KOHA)
Source of classification or shelving scheme Dewey Decimal Classification
Item type English Books
Classification part 519
Call number suffix SIV
Holdings
Withdrawn status Lost status Not for loan Collection code Home library Current library Date acquired Source of acquisition Cost, normal purchase price Full call number Barcode Copy number Cost, replacement price Koha item type
    Not For Loan Non-fiction D.B.Act.Division D.B.Act.Division 28/07/2010 DBAD/PUB 80.00 519 SIV EN-80729 1 80.00 English Books

© Delhi Public Library
Hit Counter
free hit counter